[Event "POL-chT3 Kujawsko Pomorskie 0910"]
[Site "Poland"]
[Date "2009.12.20"]
[Round "4.33"]
[White "Sankiewicz, Grzegorz"]
[Black "Galat, Arkadiusz"]
[Result "0-1"]
[WhiteElo "1922"]
[BlackElo "2074"]
[PlyCount "54"]
[EventDate "2009.11.08"]
[EventType "team-tourn"]
[EventRounds "11"]
[EventCountry "POL"]
[SourceTitle "EXT 2020"]
[Source "ChessBase"]
[SourceDate "2019.10.17"]
[SourceVersion "1"]
[SourceVersionDate "2019.10.17"]
[SourceQuality "1"]

1. d4 Nf6 2. Nf3 g6 3. c4 Bg7 4. Nc3 0-0 5. g3 d6 6. Bg2 c5 7. dxc5 dxc5 8. Qxd8 Rxd8 9. Bf4 Nc6 10. 0-0 Be6 11. Ne5 Na5 12. Na4 Rac8 13. Rac1 Nh5 14. b3 g5 15. Bxg5 Bxe5 16. Bxe7 Rd2 17. Bxc5 Rxa2 18. Rb1 b6 19. Be3 Nxc4 20. Bc1 Nd2 21. Bxd2 Rxd2 22. Bb7 Rcc2 23. Be4 Ra2 24. Bd3 Bg4 25. f3 Bh3 26. Rfc1 Bd4+ 27. Kh1 Rxd3 0-1

[Event "Kowalewo Pomorskie op-A 16th"]
[Site "Kowalewo Pomorskie"]
[Date "2009.07.10"]
[Round "9"]
[White "Flazinski, Jozef"]
[Black "Sankiewicz, Grzegorz"]
[Result "1-0"]
[WhiteElo "2009"]
[BlackElo "1944"]
[PlyCount "113"]
[EventDate "2009.07.04"]
[EventType "swiss"]
[EventRounds "9"]
[EventCountry "POL"]
[SourceTitle "CBM 131 Extra"]
[Source "ChessBase"]
[SourceDate "2009.09.03"]
[SourceVersion "2"]
[SourceVersionDate "2009.09.16"]
[SourceQuality "1"]

1. e4 c5 2. Nf3 d6 3. c3 Nf6 4. Bc4 e6 5. d3 Be7 6. Bg5 Nbd7 7. Nbd2 a6 8. d4 d5 9. exd5 Nxd5 10. Bxe7 Nxe7 11. Ne4 Nb6 12. Bb3 c4 13. Bc2 Nbd5 14. 0-0 Qc7 15. Ne5 Ng6 16. Nxc4 0-0 17. Ne3 Nde7 18. Qh5 f5 19. Ng5 h6 20. Nh3 Nf4 21. Nxf4 Qxf4 22. g3 Qg5 23. Qxg5 hxg5 24. Nc4 Nd5 25. Rfe1 Bd7 26. Ne5 Bc8 27. Bb3 b5 28. Ng6 Rf6 29. Bxd5 Ra7 30. Bxe6+ Bxe6 31. Ne5 Bd5 32. a4 Rb7 33. Nd3 Bc6 34. Nc5 Ra7 35. a5 Kf7 36. b4 g4 37. Nd3 Be4 38. Ne5+ Kg8 39. Nxg4 Rg6 40. Ne5 Rd6 41. f3 Bd5 42. Kf2 g5 43. h4 f4 44. hxg5 fxg3+ 45. Kxg3 Rc7 46. Re3 Kg7 47. f4 Rc8 48. f5 Kg8 49. Kf4 Rc7 50. g6 Rf6 51. Kg5 Rf8 52. Rh3 Re7 53. f6 Rc7 54. Rf1 Rg7 55. Rf4 Be6 56. Rh6 Bf7 57. fxg7 1-0

[Event "Kowalewo Pomorskie op-A 16th"]
[Site "Kowalewo Pomorskie"]
[Date "2009.07.09"]
[Round "8"]
[White "Choroszej, Aleksander"]
[Black "Sankiewicz, Grzegorz"]
[Result "1-0"]
[WhiteElo "2067"]
[BlackElo "1944"]
[PlyCount "73"]
[EventDate "2009.07.04"]
[EventType "swiss"]
[EventRounds "9"]
[EventCountry "POL"]
[SourceTitle "CBM 131 Extra"]
[Source "ChessBase"]
[SourceDate "2009.09.03"]
[SourceVersion "2"]
[SourceVersionDate "2009.09.16"]
[SourceQuality "1"]

1. d4 d5 2. c4 c6 3. Nf3 Nf6 4. Nc3 Nbd7 5. e3 e6 6. Qc2 Be7 7. g4 h6 8. Bd2 dxc4 9. Bxc4 Nb6 10. Be2 Bb4 11. Rg1 Bxc3 12. bxc3 g6 13. g5 hxg5 14. Nxg5 Qe7 15. Nf3 Bd7 16. e4 Nh7 17. e5 0-0-0 18. Ng5 Rdg8 19. Ne4 f5 20. exf6 Nxf6 21. Bg5 Nbd5 22. Bc4 Qf8 23. Nc5 b6 24. Qa4 a5 25. Ba6+ Kc7 26. c4 Ne7 27. Bf4+ Kd8 28. Nb7+ Ke8 29. Nd6+ Kd8 30. Qb3 b5 31. Qa3 a4 32. Qb4 Nf5 33. cxb5 g5 34. Be5 Rh5 35. bxc6 Bxc6 36. Qb8+ Kd7 37. Qa7+ 1-0

[Event "Kowalewo Pomorskie op-A 16th"]
[Site "Kowalewo Pomorskie"]
[Date "2009.07.08"]
[Round "7"]
[White "Sankiewicz, Grzegorz"]
[Black "Maciejewski, Miroslaw"]
[Result "0-1"]
[WhiteElo "1944"]
[BlackElo "2296"]
[PlyCount "70"]
[EventDate "2009.07.04"]
[EventType "swiss"]
[EventRounds "9"]
[EventCountry "POL"]
[SourceTitle "CBM 131 Extra"]
[Source "ChessBase"]
[SourceDate "2009.09.03"]
[SourceVersion "2"]
[SourceVersionDate "2009.09.16"]
[SourceQuality "1"]

1. d4 Nf6 2. Nf3 g6 3. g3 Bg7 4. Bg2 0-0 5. 0-0 d6 6. c4 Nc6 7. Nc3 Bg4 8. e4 e5 9. d5 Nd4 10. Qd3 Bxf3 11. Bxf3 Nd7 12. Bg2 f5 13. f4 exf4 14. Bxf4 Ne5 15. Bxe5 Bxe5 16. exf5 Nxf5 17. Rf3 c6 18. Raf1 Qb6+ 19. Kh1 Qxb2 20. Rb1 Qa3 21. dxc6 bxc6 22. Rb3 Qc1+ 23. Rf1 Qh6 24. Ne2 Ne7 25. Rbb1 Rxf1+ 26. Rxf1 Rf8 27. Rxf8+ Kxf8 28. Qf3+ Kg7 29. Qd3 Qg5 30. Be4 a5 31. Kg2 Qf6 32. Ng1 Qe6 33. Nf3 d5 34. Bxd5 cxd5 35. Qe3 Nc6 0-1

[Event "Kowalewo Pomorskie op-A 16th"]
[Site "Kowalewo Pomorskie"]
[Date "2009.07.06"]
[Round "3"]
[White "Sankiewicz, Grzegorz"]
[Black "Kubicki, Marek"]
[Result "0-1"]
[WhiteElo "1944"]
[BlackElo "2152"]
[PlyCount "46"]
[EventDate "2009.07.04"]
[EventType "swiss"]
[EventRounds "9"]
[EventCountry "POL"]
[SourceTitle "CBM 131 Extra"]
[Source "ChessBase"]
[SourceDate "2009.09.03"]
[SourceVersion "2"]
[SourceVersionDate "2009.09.16"]
[SourceQuality "1"]

1. d4 c5 2. Nf3 cxd4 3. Qxd4 Nc6 4. Qd1 d5 5. e3 Bg4 6. Be2 Nf6 7. 0-0 e5 8. Nbd2 Bxf3 9. Bxf3 e4 10. Be2 Qc7 11. Nb3 Bd6 12. h3 Qe7 13. Nd4 Qe5 14. f4 exf3 15. Nxf3 Qe7 16. c4 dxc4 17. Bxc4 0-0 18. Nd4 Qe5 19. Nf3 Qc5 20. Bd3 Rad8 21. Qc2 Qh5 22. Bd2 Ne5 23. Nd4 Nxd3 0-1

[Event "Kowalewo Pomorskie op-A 16th"]
[Site "Kowalewo Pomorskie"]
[Date "2009.07.04"]
[Round "1"]
[White "Jaroch, Pawel"]
[Black "Sankiewicz, Grzegorz"]
[Result "1-0"]
[WhiteElo "2243"]
[BlackElo "1944"]
[PlyCount "85"]
[EventDate "2009.07.04"]
[EventType "swiss"]
[EventRounds "9"]
[EventCountry "POL"]
[SourceTitle "CBM 131 Extra"]
[Source "ChessBase"]
[SourceDate "2009.09.03"]
[SourceVersion "2"]
[SourceVersionDate "2009.09.16"]
[SourceQuality "1"]

1. c4 c5 2. Nc3 Nc6 3. Nf3 e6 4. d4 cxd4 5. Nxd4 a6 6. e4 Nge7 7. Be2 Nxd4 8. Qxd4 Nc6 9. Qe3 Bb4 10. a3 Bxc3+ 11. Qxc3 0-0 12. 0-0 Qf6 13. Qxf6 gxf6 14. Be3 a5 15. b4 Re8 16. b5 Ne7 17. Bc5 d5 18. exd5 exd5 19. Rfe1 dxc4 20. Bxc4 Be6 21. Bxe6 fxe6 22. Rxe6 Kf7 23. Rb6 Rab8 24. Bxe7 Rxe7 25. g3 Rd8 26. a4 Rd4 27. Ra3 Kg7 28. Kg2 Kg6 29. h4 h5 30. Kh3 Kg7 31. Rf3 Rf7 32. Rf5 Rxa4 33. Rxh5 Rb4 34. Rd5 Rb2 35. f3 a4 36. Rd8 a3 37. Ra8 Rb3 38. Kg4 f5+ 39. Kf4 Rb4+ 40. Kg5 Rb3 41. Rg6+ Kh7 42. Rh6+ Kg7 43. Rah8 1-0

[Event "POL-chT3 Kujawsko Pomorskie 0809"]
[Site "Poland"]
[Date "2008.12.21"]
[Round "4.14"]
[White "Sankiewicz, Grzegorz"]
[Black "Gryniakow, Jaroslaw"]
[Result "0-1"]
[WhiteElo "1969"]
[BlackElo "2209"]
[PlyCount "78"]
[EventDate "2008.11.09"]
[EventType "team-tourn"]
[EventRounds "11"]
[EventCountry "POL"]
[SourceTitle "EXT 2019"]
[Source "ChessBase"]
[SourceDate "2018.10.10"]
[SourceVersion "1"]
[SourceVersionDate "2018.10.10"]
[SourceQuality "1"]

1. d4 c5 2. c3 e6 3. Nf3 Nf6 4. g3 Be7 5. Bg2 0-0 6. 0-0 d5 7. Nbd2 Nc6 8. b3 b6 9. Bb2 Bb7 10. c4 Rc8 11. cxd5 exd5 12. Rc1 Re8 13. Re1 h6 14. Nb1 Ne4 15. a3 Bf6 16. e3 Qd7 17. Nbd2 Ba6 18. Nxe4 dxe4 19. Ne5 Bxe5 20. dxe5 Qf5 21. Bf1 Bxf1 22. Rxf1 Nxe5 23. Bxe5 Rxe5 24. Rc4 Rd5 25. Qc2 Re8 26. Rd1 Rd3 27. Rxd3 exd3 28. Qd2 Rd8 29. Kg2 b5 30. Rc1 Qd5+ 31. f3 Rd6 32. e4 Qd4 33. Qf2 Qxf2+ 34. Kxf2 d2 35. Rd1 c4 36. e5 Rd7 37. bxc4 bxc4 38. Ke2 c3 39. h4 Kf8 0-1

[Event "POL-chT3 Kujawsko Pomorskie 0809"]
[Site "Poland"]
[Date "2008.11.09"]
[Round "1.32"]
[White "Kotula, Konrad"]
[Black "Sankiewicz, Grzegorz"]
[Result "1-0"]
[WhiteElo "1745"]
[BlackElo "1969"]
[PlyCount "97"]
[EventDate "2008.11.09"]
[EventType "team-tourn"]
[EventRounds "11"]
[EventCountry "POL"]
[SourceTitle "EXT 2019"]
[Source "ChessBase"]
[SourceDate "2018.10.10"]
[SourceVersion "1"]
[SourceVersionDate "2018.10.10"]
[SourceQuality "1"]

1. c4 e5 2. Nc3 Nf6 3. g3 Be7 4. Bg2 0-0 5. Nf3 d6 6. d4 Nbd7 7. 0-0 Re8 8. h3 c6 9. e4 Qc7 10. Qc2 b6 11. Rd1 Bb7 12. Be3 Rac8 13. dxe5 dxe5 14. Rd2 Ba6 15. Bf1 Nc5 16. Rad1 Ne6 17. Ng5 Nxg5 18. Bxg5 Rcd8 19. a3 Bc8 20. Be3 Be6 21. f4 exf4 22. Bxf4 Bc5+ 23. Kh2 Qc8 24. b4 Be7 25. Bd6 Rxd6 26. Rxd6 Bxd6 27. Rxd6 Bd7 28. c5 b5 29. Qd3 h6 30. Bg2 Re5 31. Ne2 Kh7 32. Nd4 a6 33. Nf3 Re7 34. e5+ Bf5 35. exf6 Bxd3 36. fxe7 Qe8 37. Rxd3 Qxe7 38. Nd4 h5 39. Nxc6 Qe2 40. Rf3 f6 41. Nb8 Qe5 42. Nxa6 h4 43. c6 g5 44. c7 hxg3+ 45. Rxg3 Qe6 46. Bb7 Qe2+ 47. Rg2 Qe5+ 48. Kh1 g4 49. c8Q 1-0

[Event "Kowalewo Pomorskie op"]
[Site "Kowalewo Pomorskie"]
[Date "2008.07.04"]
[Round "1"]
[White "Sankiewicz, Grzegorz"]
[Black "Zielinski, Stanislaw"]
[Result "0-1"]
[WhiteElo "2002"]
[BlackElo "2145"]
[PlyCount "44"]
[EventDate "2008.07.04"]
[EventType "swiss"]
[EventRounds "9"]
[EventCountry "POL"]
[SourceTitle "CBM 125 Extra"]
[Source "ChessBase"]
[SourceDate "2008.09.01"]
[SourceVersion "1"]
[SourceVersionDate "2008.09.01"]
[SourceQuality "1"]

1. d4 Nf6 2. Nf3 g6 3. g3 Bg7 4. Bg2 0-0 5. c4 d6 6. 0-0 Nbd7 7. Nc3 c6 8. e4 e5 9. h3 Qe7 10. Bg5 h6 11. Be3 Kh7 12. Qd2 Ne8 13. Nh2 f5 14. f4 Ndf6 15. exf5 gxf5 16. dxe5 dxe5 17. fxe5 Nh5 18. g4 Ng3 19. Rf3 Bxe5 20. Re1 Ng7 21. Qf2 Bxc3 22. bxc3 Ne4 0-1

[Event "POL-chT4 Kujawsko Pomorskie 0708"]
[Site "Poland"]
[Date "2008.02.10"]
[Round "7.1"]
[White "Sankiewicz, Grzegorz"]
[Black "Szczesniak, Andrzej"]
[Result "0-1"]
[WhiteElo "2024"]
[BlackElo "2043"]
[PlyCount "94"]
[EventDate "2007.11.04"]
[EventType "team-tourn"]
[EventRounds "11"]
[EventCountry "POL"]
[SourceTitle "EXT 2019"]
[Source "ChessBase"]
[SourceDate "2018.10.10"]
[SourceVersion "1"]
[SourceVersionDate "2018.10.10"]
[SourceQuality "1"]

1. d4 d5 2. Nf3 Nc6 3. g3 Bg4 4. h3 Bh5 5. Bg2 e6 6. Bf4 Nf6 7. Ne5 Nxe5 8. dxe5 Nd7 9. g4 Bg6 10. Bg3 Be7 11. e3 h5 12. Nd2 hxg4 13. hxg4 Rxh1+ 14. Bxh1 c6 15. Nb3 Nc5 16. Nxc5 Bxc5 17. Qd2 Qb6 18. 0-0-0 0-0-0 19. Bg2 Qa6 20. Qc3 Bb6 21. Kb1 Qe2 22. Qd2 Qxg4 23. Re1 Be4 24. Bf1 d4 25. exd4 Rxd4 26. Bd3 Bg6 27. Rd1 Ba5 28. Qe2 Bxd3 29. Qxg4 Bxc2+ 30. Kxc2 Rxg4 31. Rh1 Rd4 32. Rh7 Rd2+ 33. Kc1 Rd7 34. Rxg7 Bd2+ 35. Kc2 Kd8 36. f3 Be3 37. Be1 c5 38. Bc3 Ke7 39. b4 Kf8 40. Rh7 Kg8 41. Rh5 cxb4 42. Bxb4 Kg7 43. Bc3 Kg6 44. Rh8 Kf5 45. Rh5+ Bg5 46. Rh7 Kg6 47. Rh1 Rd5 0-1